Colombian mammals from the Chocoan slopes of Nariño (Registro nro. 10245)

Detalles MARC
000 -CABECERA
Campo de control 006280000a22001930004500
090 ## - CLASIFICACIÓN LOCAL
Colección AR
Consecutivo 01159
041 0# - IDIOMA
Código de idioma para texto/pista de sonido o título separado
100 1# - ASIENTO PRINCIPAL--NOMBRE PERSONAL
Nombre personal Cadena G., Alberto
245 10 - MENCION DE TITULO
Título Colombian mammals from the Chocoan slopes of Nariño
650 14 - ASIENTO SECUNDARIO DE MATERIA - TERMINO TEMATICO
Término temático o nombre geográfico como elemento de entrada Chocó biogeográfico
650 14 - ASIENTO SECUNDARIO DE MATERIA - TERMINO TEMATICO
Término temático o nombre geográfico como elemento de entrada Mamíferos
650 14 - ASIENTO SECUNDARIO DE MATERIA - TERMINO TEMATICO
Término temático o nombre geográfico como elemento de entrada Inventarios de fauna
650 14 - ASIENTO SECUNDARIO DE MATERIA - TERMINO TEMATICO
Término temático o nombre geográfico como elemento de entrada Taxonomía animal
651 #4 - ASIENTO SECUNDARIO DE MATERIA - NOMBRE GEOGRAFICO
-- Nariño
-- Colombia
700 1# - ASIENTO SECUNDARIO - NOMBRE PERSONAL
Nombre personal Anderson, Robert P.
700 1# - ASIENTO SECUNDARIO - NOMBRE PERSONAL
Nombre personal Rivas Pava, María del Pilar
773 1# - Item fuente:
Título Occasional Papers: Museum of Texas Tech University
Especificación de materiales 430
Descripción física 180
Paginas del Articulo 1-15
Lugar, editorial y fecha de publicación 1998
942 ## - ELEMENTOS ADICIONALES (KOHA)
Tipo de ítem Artículo
Existencias
Withdrawn status Lost status Damaged status No para préstamo Colección Ubicación Permanente Ubicación actual Fecha de adquisición Fuente de Valor Datos de publicación Seriada Total Checkouts Número topográfico Inventario / Código de Barras Date last seen Ejemplar Price effective from Forma de adquisición Tipo de material
      No para Préstamo Hemeroteca Bogotá Bogotá 27/02/2015 Muñoz Saba, Yaneth Fuera de circulación   AR 01159 011477 25/03/2015 1 25/03/2015   Artículo
      No para Préstamo Hemeroteca Bogotá Bogotá 27/02/2015 Muñoz Saba, Yaneth Fuera de circulación   AR 01159 011478 25/03/2015 2 25/03/2015   Artículo